000 00607nam a2200217Ia 4500
003 OSt
005 20220928150111.0
006 a|||||r|||| 00| 0
007 ta
008 220927b |||||||| |||| 00| 0 eng d
024 _a87663
037 _cTextual
040 _aSDCL
_cSDCL
_beng
041 _2eng
_aeng
082 _aWvN21<-M85, L5
100 _aKarunakaran K P
245 0 _aIndian politics from Dadabhai Naoroji to Gandhi
_b A study of the political ideas of modern India
260 _c1975
942 _hWvN21<-M85, L5
_cTEXL
_2CC
999 _c839651
_d839651